Arbeitsbuch zu den Grundzügen der mikroökonomischen Theorie

Gespeichert in:
Bibliographische Detailangaben
1. Verfasser: Meyer, Ulrich
Weitere Verfasser: Diekmann, Jochen
Format: Buch
Sprache:Deutsch
Veröffentlicht: Berlin Springer 1988
Ausgabe:3. verbess. Aufl.
Tags: Tag hinzufügen
Keine Tags, Fügen Sie das erste Tag hinzu!

MARC

LEADER 00000nam a2200000 4500
001 c036553
005 20221206134051.1
041 0 |a ger 
044 |a DE 
245 1 0 |a Arbeitsbuch zu den Grundzügen der mikroökonomischen Theorie  |c Ulrich Meyer, Jochen Diekmann 
250 |a 3. verbess. Aufl. 
264 1 |a Berlin  |b Springer  |c 1988 
300 |a 250 s. 
100 1 |a Meyer, Ulrich 
700 1 |a Diekmann, Jochen